000 00285nam a22001337a 4500
008 170213b xxu||||| |||| 00| 0 eng d
020 _a9780727918048
041 _aeng
080 _a61
100 _a4
101 _aSHM
245 _aCLINICAL EVIDENCE
_cMCGUIRE, W.W
942 _2udc
_cBK
999 _c5291
_d5291